Ренненкампфа Николая Карловича

Доступно только в Электронных читальных залах Найти на картеНа карте
RUSMARC
00003904nac2a22002891x 450
0019b53be29-ef1b-4c53-8fa7-da35611854f4
00520140115062204.0
100##$a20130529l1897 k y0rusy50 ca
1010#$arus
102##$aRU
105##$ay z |||||
1220#$ad18970426
2001#$aРенненкампфа Николая Карловича
$j26 апреля 1897
215##$a6 листов
251##$cДело
300##$aЗаголовок дела на папке: Письма Ренненкампфа Н. К. Кони А. Ф.
300##$aВ деле имеются документы без дат
300##$aРукописный текст
330##$aПереписка А. Ф. Кони; Письма к А. Ф. Кони
461#0$10013a54f2e3-e9cf-409b-80fa-f0a9bd3c40cb
$12001
$aКони Анатолий Федорович, юрист, литератор, член академии наук, председатель Санкт-Петербургского окружного суда, член государственного совета
$1251
$cФонд
$1852
$j564
462#0$100178a475cd-a47d-4377-bff3-cee4b81de655
$12001
$aОпись дел фонда А. Ф. Кони за 1880-1931 гг.
$1251
$cОпись
$1852
$j1
517##$aПисьма Ренненкампфа Н. К. Кони А. Ф.
600#1$aКони
$bА. Ф.
$f1844-1927
$gАнатолий Федорович
600#1$aРенненкампф
$bН. К.
$gНиколай Карлович
801#0$aRU
$bGA_RF
801#1$aRU
$bНПО Опыт
$c20130529
$2rusmarc
801#2$aRU
$bПБ им. Б.Н. Ельцина
$c20140115
$gRCR
$2rusmarc
852##$aГА РФ
$j3045
937##$d42802461
$hПБ
035##$aRuPRLIB51005276
Формат отображения